MARC details
| 000 -LEADER |
| fixed length control field |
02648nam a2200349 a 4500 |
| 008 - FIXED-LENGTH DATA ELEMENTS--GENERAL INFORMATION |
| fixed length control field |
130520s2008 ||||||||||||||||| || u |
| 020 ## - INTERNATIONAL STANDARD BOOK NUMBER |
| International Standard Book Number |
9780443101250 |
| 050 ## - LIBRARY OF CONGRESS CALL NUMBER |
| Classification number |
RC 815 Caw |
| 100 ## - MAIN ENTRY--PERSONAL NAME |
| Personal name |
Odell, E.W |
| 245 10 - TITLE STATEMENT |
| Title |
Cawson's essentials of oral pathology and oral medicine. (8th ed.) |
| Statement of responsibility, etc. |
by R.A. Cawson and E.W. Odell. |
| 250 ## - EDITION STATEMENT |
| Edition statement |
8th ed. |
| 260 ## - PUBLICATION, DISTRIBUTION, ETC. |
| Place of publication, distribution, etc. |
Edinburgh |
| Name of publisher, distributor, etc. |
Churchill Livingstone/Elsevier |
| Date of publication, distribution, etc. |
2008 |
| 300 ## - PHYSICAL DESCRIPTION |
| Extent |
xv, 468p.: ill. |
| 350 ## - |
| -- |
94.95 |
| 650 #0 - SUBJECT ADDED ENTRY--TOPICAL TERM |
| Topical term or geographic name entry element |
DENTISTRY--ATLASES |
| 650 #3 - SUBJECT ADDED ENTRY--TOPICAL TERM |
| Topical term or geographic name entry element |
TOOTH DISEASES |
| 650 #3 - SUBJECT ADDED ENTRY--TOPICAL TERM |
| Topical term or geographic name entry element |
DENTISTRY, OPERATIVE |
| 650 #3 - SUBJECT ADDED ENTRY--TOPICAL TERM |
| Topical term or geographic name entry element |
MOUTH DISEASES--TREATMENT |
| 700 ## - ADDED ENTRY--PERSONAL NAME |
| Personal name |
Cawson, R. A |
| 700 ## - ADDED ENTRY--PERSONAL NAME |
| Personal name |
Odell, Edward W |
| 995 ## - |
| -- |
SHORT LOAN BOOKS |
| -- |
903415 |
| -- |
CBU-SCHOOL OF MEDICINE LIBRARY (Ndola) |
| -- |
RC 815 Caw |
| -- |
8 |
| -- |
AVAILABLE |
| -- |
Mar 30, 2016 |
| -- |
903415 |
| -- |
Medical Library Open Access Collection |
| 995 ## - |
| -- |
MICHAEL CHILUFYA SATA OPEN ACCESS |
| -- |
904733 |
| -- |
CBU-SCHOOL OF MEDICINE LIBRARY (Ndola) |
| -- |
94.95 |
| -- |
RC 815 Caw |
| -- |
11 |
| -- |
AVAILABLE |
| -- |
Feb 6, 2020 |
| -- |
904733 |
| -- |
Medical Library Open Access Collection |
| 995 ## - |
| -- |
MEDICAL LIBRARY OPEN ACCESS |
| -- |
901972 |
| -- |
CBU-SCHOOL OF MEDICINE LIBRARY (Ndola) |
| -- |
RC 815 Caw |
| -- |
2 |
| -- |
AVAILABLE |
| -- |
May 20, 2013 |
| -- |
901972 |
| -- |
Medical Library Open Access Collection |
| 995 ## - |
| -- |
MEDICAL LIBRARY OPEN ACCESS |
| -- |
902033 |
| -- |
CBU-SCHOOL OF MEDICINE LIBRARY (Ndola) |
| -- |
RC 815 Caw |
| -- |
1 |
| -- |
AVAILABLE |
| -- |
May 20, 2013 |
| -- |
902033 |
| -- |
Medical Library Open Access Collection |
| 995 ## - |
| -- |
MEDICAL LIBRARY OPEN ACCESS |
| -- |
902306 |
| -- |
CBU-SCHOOL OF MEDICINE LIBRARY (Ndola) |
| -- |
RC 815 Caw |
| -- |
3 |
| -- |
AVAILABLE |
| -- |
Aug 16, 2013 |
| -- |
902306 |
| -- |
Medical Library Open Access Collection |
| 995 ## - |
| -- |
MEDICAL LIBRARY OPEN ACCESS |
| -- |
902307 |
| -- |
CBU-SCHOOL OF MEDICINE LIBRARY (Ndola) |
| -- |
RC 815 Caw |
| -- |
4 |
| -- |
OUT |
| -- |
Aug 16, 2013 |
| -- |
902307 |
| -- |
Medical Library Open Access Collection |
| 995 ## - |
| -- |
MEDICAL LIBRARY OPEN ACCESS |
| -- |
903796 |
| -- |
CBU-SCHOOL OF MEDICINE LIBRARY (Ndola) |
| -- |
94.95 |
| -- |
RC 815 Caw |
| -- |
10 |
| -- |
AVAILABLE |
| -- |
Mar 29, 2017 |
| -- |
903796 |
| -- |
Medical Library Open Access Collection |
| 995 ## - |
| -- |
MEDICAL LIBRARY OPEN ACCESS |
| -- |
902999 |
| -- |
CBU-SCHOOL OF MEDICINE LIBRARY (Ndola) |
| -- |
RC 815 Caw |
| -- |
7 |
| -- |
AVAILABLE |
| -- |
Jun 23, 2015 |
| -- |
902999 |
| -- |
Medical Library Open Access Collection |
| 995 ## - |
| -- |
MEDICAL LIBRARY OPEN ACCESS |
| -- |
903741 |
| -- |
CBU-SCHOOL OF MEDICINE LIBRARY (Ndola) |
| -- |
290.00 |
| -- |
RC 815 Caw |
| -- |
9 |
| -- |
AVAILABLE |
| -- |
Mar 20, 2017 |
| -- |
903741 |
| -- |
Medical Library Open Access Collection |
| 995 ## - |
| -- |
MEDICAL LIBRARY OPEN ACCESS |
| -- |
902884 |
| -- |
CBU-SCHOOL OF MEDICINE LIBRARY (Ndola) |
| -- |
RC 815 Caw |
| -- |
6 |
| -- |
AVAILABLE |
| -- |
Mar 10, 2015 |
| -- |
902884 |
| -- |
Medical Library Open Access Collection |
| 995 ## - |
| -- |
MEDICAL LIBRARY OPEN ACCESS |
| -- |
902883 |
| -- |
CBU-SCHOOL OF MEDICINE LIBRARY (Ndola) |
| -- |
RC 815 Caw |
| -- |
5 |
| -- |
AVAILABLE |
| -- |
Mar 10, 2015 |
| -- |
902883 |
| -- |
Medical Library Open Access Collection |
| 999 ## - |
| -- |
63964 |
| -- |
63964 |